<?xml version="1.0" encoding="UTF-8"?>
<record
    xmlns:xsi="http://www.w3.org/2001/XMLSchema-instance"
    xsi:schemaLocation="http://www.loc.gov/MARC21/slim http://www.loc.gov/standards/marcxml/schema/MARC21slim.xsd"
    xmlns="http://www.loc.gov/MARC21/slim">

  <leader>00348nam a2200145Ia 4500</leader>
  <controlfield tag="008">150201s2013    xx            000 0 und d</controlfield>
  <datafield tag="082" ind1=" " ind2=" ">
    <subfield code="a">611</subfield>
    <subfield code="b">B13V</subfield>
  </datafield>
  <datafield tag="100" ind1=" " ind2=" ">
    <subfield code="a">VENKTESH , D.</subfield>
  </datafield>
  <datafield tag="245" ind1=" " ind2=" ">
    <subfield code="a">BASIC OF ANATOMY , PHYSIOLOGY &amp; MICROBIOLOGY</subfield>
  </datafield>
  <datafield tag="250" ind1=" " ind2=" ">
    <subfield code="a">1ST</subfield>
  </datafield>
  <datafield tag="260" ind1=" " ind2=" ">
    <subfield code="b">CBS</subfield>
    <subfield code="a">DELHI</subfield>
    <subfield code="c">2013</subfield>
  </datafield>
  <datafield tag="300" ind1=" " ind2=" ">
    <subfield code="a">369</subfield>
  </datafield>
  <datafield tag="650" ind1=" " ind2=" ">
    <subfield code="a">ANATOMY</subfield>
  </datafield>
  <datafield tag="942" ind1=" " ind2=" ">
    <subfield code="2">ddc</subfield>
    <subfield code="c">BK</subfield>
    <subfield code="0">64</subfield>
  </datafield>
  <datafield tag="952" ind1=" " ind2=" ">
    <subfield code="0">0</subfield>
    <subfield code="1">0</subfield>
    <subfield code="2">ddc</subfield>
    <subfield code="4">0</subfield>
    <subfield code="7">0</subfield>
    <subfield code="8">NURSING</subfield>
    <subfield code="a">FM</subfield>
    <subfield code="b">FM</subfield>
    <subfield code="c">TXT</subfield>
    <subfield code="d">2013-01-28</subfield>
    <subfield code="e">NBM DELHI</subfield>
    <subfield code="g">345.00</subfield>
    <subfield code="i">SGTU</subfield>
    <subfield code="l">32</subfield>
    <subfield code="o">611 B13V</subfield>
    <subfield code="p">FN761</subfield>
    <subfield code="r">2026-01-10 00:00:00</subfield>
    <subfield code="s">2025-12-24</subfield>
    <subfield code="w">2013-01-28</subfield>
    <subfield code="y">BK</subfield>
    <subfield code="k">1345</subfield>
  </datafield>
  <datafield tag="952" ind1=" " ind2=" ">
    <subfield code="0">0</subfield>
    <subfield code="1">0</subfield>
    <subfield code="2">ddc</subfield>
    <subfield code="4">0</subfield>
    <subfield code="7">0</subfield>
    <subfield code="8">NURSING</subfield>
    <subfield code="a">FM</subfield>
    <subfield code="b">FM</subfield>
    <subfield code="c">TXT</subfield>
    <subfield code="d">2013-01-28</subfield>
    <subfield code="e">NBM DELHI</subfield>
    <subfield code="g">345.00</subfield>
    <subfield code="i">SGTU</subfield>
    <subfield code="l">36</subfield>
    <subfield code="o">611 B13V</subfield>
    <subfield code="p">FN762</subfield>
    <subfield code="r">2024-02-03 00:00:00</subfield>
    <subfield code="s">2024-01-27</subfield>
    <subfield code="w">2013-01-28</subfield>
    <subfield code="y">BK</subfield>
    <subfield code="k">1345</subfield>
  </datafield>
  <datafield tag="952" ind1=" " ind2=" ">
    <subfield code="0">2</subfield>
    <subfield code="1">0</subfield>
    <subfield code="2">ddc</subfield>
    <subfield code="4">0</subfield>
    <subfield code="7">0</subfield>
    <subfield code="8">NURSING</subfield>
    <subfield code="a">FM</subfield>
    <subfield code="b">FM</subfield>
    <subfield code="c">TXT</subfield>
    <subfield code="d">2013-01-28</subfield>
    <subfield code="e">NBM DELHI</subfield>
    <subfield code="g">345.00</subfield>
    <subfield code="i">SGTU</subfield>
    <subfield code="l">9</subfield>
    <subfield code="o">611 B13V</subfield>
    <subfield code="p">FN763</subfield>
    <subfield code="r">2021-10-05 00:00:00</subfield>
    <subfield code="s">2021-09-27</subfield>
    <subfield code="w">2013-01-28</subfield>
    <subfield code="y">BK</subfield>
    <subfield code="k">1345</subfield>
  </datafield>
  <datafield tag="952" ind1=" " ind2=" ">
    <subfield code="0">2</subfield>
    <subfield code="1">0</subfield>
    <subfield code="2">ddc</subfield>
    <subfield code="4">0</subfield>
    <subfield code="7">0</subfield>
    <subfield code="8">NURSING</subfield>
    <subfield code="a">FM</subfield>
    <subfield code="b">FM</subfield>
    <subfield code="c">TXT</subfield>
    <subfield code="d">2013-01-28</subfield>
    <subfield code="e">NBM DELHI</subfield>
    <subfield code="g">345.00</subfield>
    <subfield code="i">SGTU</subfield>
    <subfield code="l">11</subfield>
    <subfield code="o">611 B13V</subfield>
    <subfield code="p">FN764</subfield>
    <subfield code="r">2021-10-05 00:00:00</subfield>
    <subfield code="s">2021-09-22</subfield>
    <subfield code="w">2013-01-28</subfield>
    <subfield code="y">BK</subfield>
    <subfield code="k">1345</subfield>
  </datafield>
  <datafield tag="952" ind1=" " ind2=" ">
    <subfield code="0">0</subfield>
    <subfield code="1">0</subfield>
    <subfield code="2">ddc</subfield>
    <subfield code="4">0</subfield>
    <subfield code="7">0</subfield>
    <subfield code="8">NURSING</subfield>
    <subfield code="a">FM</subfield>
    <subfield code="b">FM</subfield>
    <subfield code="c">TXT</subfield>
    <subfield code="d">2013-01-28</subfield>
    <subfield code="e">NBM DELHI</subfield>
    <subfield code="g">345.00</subfield>
    <subfield code="i">SGTU</subfield>
    <subfield code="l">35</subfield>
    <subfield code="o">611 B13V</subfield>
    <subfield code="p">FN765</subfield>
    <subfield code="r">2025-01-10 00:00:00</subfield>
    <subfield code="s">2024-12-27</subfield>
    <subfield code="w">2013-01-28</subfield>
    <subfield code="y">BK</subfield>
    <subfield code="k">1345</subfield>
  </datafield>
  <datafield tag="999" ind1=" " ind2=" ">
    <subfield code="c">2075</subfield>
    <subfield code="d">2075</subfield>
  </datafield>
</record>
